The greatest ode to lord ram Tulsidas’s Ramcharitmanas selections & commentaries / (Record no. 181878)

MARC details
000 -LEADER
fixed length control field 00578nam a22001577a 4500
005 - DATE AND TIME OF LATEST TRANSACTION
control field 20211007153443.0
010 ## - LCCN (DPL NO)
LC control number EN230921
020 ## - INTERNATIONAL STANDARD BOOK NUMBER
International Standard Book Number 9789389152371
Terms of availability 699.00
037 ## - SOURCE OF ACQUISITION
Source of stock number/acquisition Westland Publications
100 ## - MAIN ENTRY--PERSONAL NAME
Personal name Varna,Pavan K,
245 ## - TITLE STATEMENT
Title The greatest ode to lord ram Tulsidas’s Ramcharitmanas selections & commentaries /
Statement of responsibility, etc by Pavan K, Varna
260 ## - PUBLICATION, DISTRIBUTION, ETC. (IMPRINT)
Place of publication, distribution, etc Chennai
Name of publisher, distributor, etc Westland Publications
Date of publication, distribution, etc 2020
270 ## - ADDRESS
City Chennai
Address 1st Floor,A Block,East Wing,Plot No.40,SP Infocity,Dr MGR Salai,Perungudi,Kandanchavadi,
Postal code 600096
300 ## - PHYSICAL DESCRIPTION
Extent xii,349p.
Dimensions 24cm(Hb)
942 ## - ADDED ENTRY ELEMENTS (KOHA)
Source of classification or shelving scheme Dewey Decimal Classification
Item type English Books
Call number suffix VAR

No items available.


© Delhi Public Library
Hit Counter
free hit counter